000 00534nam a22001937a 4500
005 20241028114411.0
010 _aENG-142469
020 _c299.00
_a9789393734341
035 _aEN-126001
037 _bDBAD/PUB
082 _aS
100 _aKanguru, Josiah
_973540
245 _aThe Economic Vampires/
_cby Josiah Kanguru
250 _a1
260 _aKolkata
_bExceller Books
_c2022
270 _bKolkata
_aG1, Dream Apartment, Degree College Road, Belgharia
_e700056
300 _a143p.
_c22cm(pbk)
942 _2ddc
_cEN
_hS
_mKAN
999 _c206794
_d206794